000 00245nam a2200097Ia 4500
001 768115
005 20250826165412.0
008 250824s9999 xx 000 0 und d
245 0 _aKORKU KÜLTÜRÜ
_cDOĞAN CÜCELOĞLU
260 _bREMZİ KİTABEVİ
999 _c768115
_d768115